000 00646nam a22002177a 4500
003 OSt
005 20230707120949.0
008 230629b |||||||| |||| 00| 0 eng d
020 _a9781524763145
040 _cNIRUC
_dNIRUC
050 _aE909
_b. O24 2018
100 _aObama, Michelle,
_d1964-
_eauthor.
245 _aBecoming /
_cauthor; Michelle Obama,
260 _aNew York ;
_bCROWN,
_c2018.
300 _axix, 441p, ;
_bill,
_c21cm.
650 _2Legislators' spouses
650 _2African American women lawyers
650 _2Obama, Michelle, 1964-
_aUnited States
650 _2Presidents' spouses
_aIllinois--Chicago
942 _2lcc
_cBK
_n0
999 _c338
_d338